000 00696nam a2200181 u 4500
001 000332232
003 AM-YeHGA
005 20250617130815.0
008 040506s1974 ||||||||||||||||||||rus d
040 _aAM-YeHGA
041 0 _arus
245 0 0 _aСоциалистическая собственность и совершенствование форм общественной организации производства /
_cРедкол.:В.Ф. Семенов (отв. ред.) и др.
260 _aКазань :
_bИзд-во Казан. ун-та,
_c1974.
300 _a287 с.
650 1 4 _aЭкономика
700 1 _aСменов, В.Ф.
_eред.
_4edt
090 _c126032
999 _c124677
_d124677